|
|
|
|
| LEADER |
00000cam a2200000 a 4500 |
| 001 |
1/106759 |
| 008 |
150605s1953####gr | ||| |||| ||gre|| |
| 040 |
|
|
|a GR-MyUa
|b gre
|c GR-MyUa
|e AACR2
|
| 041 |
0 |
|
|a gre
|
| 082 |
7 |
|
|a 111.85
|2 (23)
|
| 100 |
1 |
|
|a Παπανούτσος, Ευάγγελος Π.,
|d 1900-1982.
|
| 245 |
1 |
0 |
|a Αισθητική /
|c Ε. Π. Παπανούτσος.
|
| 250 |
|
|
|a 2η έκδ.
|
| 260 |
|
|
|a Αθήνα :
|b Ίκαρος,
|c 1953
|
| 300 |
|
|
|a 456 σ. ;
|c 25 εκ.
|
| 505 |
8 |
|
|a τ.1. Ο κόσμος του πνεύματος
|
| 650 |
|
0 |
|a Aesthetics.
|
| 650 |
|
0 |
|a Art
|x Philosophy.
|
| 740 |
1 |
|
|a Ο κόσμος του πνεύματος.
|
| 852 |
|
|
|a INST
|b SAMOS
|c MAG
|e 20150605
|h 111.85 ΠΑΠ
|p 005300035070
|q 005300035070
|t BK
|y 0
|
| 970 |
|
|
|a Σιτζίμη
|b Γιασεμή
|z 05/06/2015
|